000 00980cam a22003017a 4500
003 CHAP
005 20220329134321.0
008 971013s1958 r 00010 d
010 _a18628
011 _a19600
035 _a23685
040 _cCHAP
082 _a551.5724
_bD3
100 0 0 _aDesJardins, Robert B.
_932154
245 1 4 _aThe distribution of clouds at Tucson, Arizona with respect to type, amount and time of observation
260 _aTucson :
_bUniversity of Arizona. Institute of Atmospheric Physics,
_c1958
300 _a52 h.
_b: ilus.
490 0 _aScientific report
_v; 6
590 _aBATCH-UPD
_b10
_c20130110
_lUCH01
_h0145
590 _aBATCH-UPD
_b10
_c20130110
_lUCH01
_h1051
590 _aCONVERSION
_b10
_c20130109
_lUCH01
_h1311
650 1 4 _aLluvia.
_967312
650 1 4 _aNubes.
_982111
830 0 _aScientific report
_v; 6
_9103331
901 _aBK
942 _cLIBRO
949 _a551.5724 D3
_bBC
_cLIBRO
_d33724000460226
_eLIBRO
_h43383
_i23685
_mD
_si
999 _c18628
_d18628